Lâm Đồng Đà Lạt

Giới thiệu toàn diện: lịch sử tên gọi, vùng đất, khí hậu cuộc sống, con ngwòi Đà Lạt lâm đồng

Gorde:
Xehetasun bibliografikoak
Egile nagusia: Phan Quang
Formatua: Liburua
Hizkuntza:Vietnamese
Argitaratua: H. Văn hoá 1978
Gaiak:
Etiketak: Etiketa erantsi
Etiketarik gabe, Izan zaitez lehena erregistro honi etiketa jartzen!
Thư viện lưu trữ: Mạng thư viện Đại học Đà Nẵng
LEADER 01183nam a22003618a 4500
001 000006766
003 2926
005 20110921090954.0
008 110921s1978 b 000 0 vieod
020 |c 0.9d  |d 12500b 
041 0 |a vie 
080 |a 91(V236) 
082 |a 895.9228  |b PH-Q 
084 |a Đ 
100 1 |a Phan Quang 
245 1 0 |a Lâm Đồng Đà Lạt  |c Phan Quang 
260 |a H.  |b Văn hoá  |c 1978 
300 |a 139tr : 8 tờ hình ảnh  |c 19cm 
520 |a Giới thiệu toàn diện: lịch sử tên gọi, vùng đất, khí hậu cuộc sống, con ngwòi Đà Lạt lâm đồng 
653 |a lâm đồng 
653 |a địa chí 
653 |a đà lạt 
910 |a Minh  |d 21/9/2011 
OWN |a LSP 
AVA |a UDN50  |b LSP  |d 895.9228 PH-Q  |e unavailable  |t Error 5002 Not defined in file expand_doc_bib_avail.  |f 1  |g 1  |h N  |i 0  |k 1 
999 |a From the UDN01 
AVA |a UDN50  |b LSP  |d 895.9228 PH-Q  |e unavailable  |t Error 5002 Not defined in file expand_doc_bib_avail.  |f 1  |g 1  |h N  |i 0  |k 1 
TYP |a Monograph 
TYP |a Printed language 
980 |a Mạng thư viện Đại học Đà Nẵng